000
00268nam a22001337a 4500
008
210511b ||||| |||| 00| 0 eng d
041
_a
eng
080
_a
7
082
_a
7
100
_a
46
101
_a
ART
245
_a
Basic Color
_c
Jacobson,E
942
_2
udc
_c
BK
999
_c
57207
_d
57207